00418nam a2200169Ia 4500003000500000008004100005020001800046040001900064082000700083100001800090245004000108246003900148260003100187300001000218365000800228546001200236STCL230726s9999 xx 000 0 und d a9780141346816 aSTCLcSTCLbEN 222 aRiordan, Rick 0aPercy Jackson and the titan's curse aPercy Jackson and the titans curse bPuffin BooksaLondonc2008 a293 p b399 aEnglish